Empatía con el traidor : un manifiesto de la traducción /

Detalles Bibliográficos
Autor principal: Polizzotti, Mark (Autor)
Otros Autores: Velásquez, Jaime, (Translator) (Traductor)
Formato: Electrónico eBook
Lenguaje:español
Publicado: Villa María, Córdoba, Argentina : Eduvim, 2021.
Edición:Primera edición en español.
Colección:Tipos (Editorial Eduvim (Firm))
Materias:
Acceso en línea:Digitalia Hispánica

MARC

LEADER 00000nam a2200000Ii 4500
001 DIGEDUV0234
003 NyNyDIG
006 m o d
007 cr |||||||||||
008 240901s2021 ag ob 001 0 spa d
035 |a (OCoLC)1343907538 
040 |a DGITA  |b eng  |e rda  |e pn  |c DGITA 
020 |a 9789876996792  |q eBook 
020 |z 9789876996730 
050 1 4 |a P306 ebook 
100 1 |a Polizzotti, Mark,  |e author. 
240 1 0 |a Sympathy for the traitor.  |l Spanish  |s (Velásquez) 
245 1 0 |a Empatía con el traidor :  |b un manifiesto de la traducción /  |c Mark Polizzotti ; traducción, Jaime Velásquez. 
250 |a Primera edición en español. 
264 1 |a Villa María, Córdoba, Argentina :  |b Eduvim,  |c 2021. 
300 |a 1 online resource. 
336 |a text  |b txt  |2 rdacontent 
337 |a computer  |b c  |2 rdamedia 
338 |a online resource  |b cr  |2 rdacarrier 
347 |a text file  |2 rdaft 
347 |b EPUB 
504 |a Includes bibliographical references and index. 
588 0 |a Online resource; title from ePub title page (Digitalia, viewed September 1, 2024) 
650 0 |a Translating and interpreting. 
700 1 |a Velásquez, Jaime,  |c (Translator),  |e translator. 
700 1 |i Translation of:  |a Polizzotti, Mark.  |t Sympathy for the traitor. 
776 0 8 |i Print version:  |a Polizzotti, Mark.  |s Sympathy for the traitor. Spanish (Velásquez).  |t Empatía con el traidor.  |b Primera edición en español.  |d Villa María, Córdoba, Argentina : Eduvim, 2021  |z 9789876996730 
791 2 |a Digitalia (Firm),  |e distributor. 
793 0 |g Digitalia eBook Collection:  |a Ediciones Eduvim 
830 0 |a Tipos (Editorial Eduvim (Firm)) 
856 4 0 |3 Digitalia Hispánica  |u https://www.digitaliapublishing.com/a/158226/ 
910 |a Premium collection: 2024